Meu pé de laranja lima (Registo nº 1477)

Detalhes MARC
000 -Etiqueta do registo
Cabeçalho 00828nam0a2200277 4500
005 - Identificador da versão
Campo de controlo 20240813121837.0
010 ## - Número internacional normalizado dos livros (ISBN)
Número (ISBN) 9789728202293
021 ## - Número do Depósito Legal
Código do país PT
Número 367125/13
100 ## - Dados gerais de processamento
Dados gerais de processamento 20150327d2013 a e0pory5003 ba
102 ## - Pais de publicação ou produção
País de publicação Portugal
101 0# - Língua de publicação
Língua do texto, banda sonora, etc. Português
215 ## - Descrição física 
Indicação específica da natureza do documento e extensão da espécie 193, [2] p
Outras indicações físicas il
200 1# - Titulo e menção de responsabilidade
Título próprio Meu pé de laranja lima
Primeira menção de responsabilidade José Mauro de Vasconcelos
Outras menções de responsabilidade il. de Jayme Cortez
205 ## - Menção da edição
Menção da edição 7ª ed
210 ## - Publicação, Distribuição, etc. 
Lugar da edição, distribuição, etc. Lisboa
Nome do editor, distribuidor, etc. Dinapress
Data da publicação, distribuição, etc. 2013
300 ## - Notas gerais 
Texto da nota Metas Curriculares
Texto da nota Plano Nacional de Leitura
606 ## - Nome comum usado como assunto
Número de registo de entrada de autoridade 0002174
Palavra de ordem Literatura brasileira
Subdivisão de assunto Romance
Código do sistema CA
675 ## - Classificação Decimal Universal (CDU)
Notação 821.134.3(81)-31
Edição 3ª ed.
Língua da edição por
702 #1 - Nome de autor-pessoa física (responsabilidade secundária)
Número de registo de entrada de autoridade 0002177
Palavra de ordem Cortez
Outra parte do nome não tomada para palavra de ordem Jayme
Código de função Ilustrador / Técnico de desenho computorizado
700 #1 - Nome de autor-pessoa física (responsabilidade principal)
Número de registo de entrada de autoridade 0002176
Palavra de ordem Vasconcelos
Outra parte do nome não tomada para palavra de ordem José Mauro de
Datas 1920-1984
966 ## - Identificação da Biblioteca
Sigla EB2,3ENM
942 ## - Elementos de entrada adicionados (Koha)
Tipo de item no Koha Livro
Exemplares
Situação do levantamento Origin of item (home branch) (coded) Biblioteca de empréstimo Código de barras Cota Circulation type (not for loan) Tipo de documento Nota do exemplar Damaged status
  Biblioteca Escolar Eng. Nuno Mergulhão Biblioteca Escolar Eng. Nuno Mergulhão BENM3536 82LE-3 VAS MET PNL   Livro Sem mensagem